Finančná situácia vojenských dôchodcov

Bibliographic Details
Main Author: Čukan, Karol, 1955- (Author)
Format: Article
Language:Slovak
PhysicalDescription:Grafy
ISSN:1336-2910
Subjects:

MARC

LEADER 00000nab a2200000 a 4500
001 vtls008994408
003 SK-MaSNL
005 20260304145055.0
008 250505c2007 xo |||||||||||000 b|slo
015 |a SNBRB2007/05  |2 snkbucl 
035 |a urn:nbn:sk:snk-ab7ued 
035 |a (urnnbn)urn:nbn:sk:snk:ar-003yqu 
035 |a (uuid)7918a642-7e8f-45a2-84ba-ddbee11b8df7 
038 |a SNKBUCL 
040 |a SNKBUCL  |b slo  |c SNKBUCL  |e AACR2 
041 0 |a slo 
044 |a xo  |c SK 
080 |a 355.1-057.75:316:303  |x (437.6)  |2 2001 
080 |a 316:303  |2 2001 
080 |a 355.291.1  |2 2001 
100 1 |a Čukan, Karol,  |d 1955-  |4 aut  |9 99504 
245 1 0 |a Finančná situácia vojenských dôchodcov  |c Karol Čukan 
300 |b Grafy 
650 0 7 |a vojenskí dôchodcovia  |2 snkbucl  |9 834356 
650 0 7 |a finančné zabezpečenie  |2 snkbucl  |9 118328 
650 0 7 |a sociologický výskum  |2 snkbucl  |9 1011 
773 0 |t Obrana  |g Roč. 15, č. 3 (2007), s. 24  |x 1336-2910 
850 |a Slovenská národná knižnica 
852 |a Slovenská národná knižnica 
954 |a odborná, vedecká literatúra pôvodná (slovenská)  |2 lita 
958 |a article9 
958 |a OND 
958 |a SK 
958 |a EUIPO 
999 |c 2934393  |d 2936323